000 00501 a2200157 4500
999 _c41400
_d41400
003 OSt
005 20220103142756.0
008 220103b ||||| |||| 00| 0 eng d
040 _coclc
082 _a614.17
_bCRU/C
100 1 _98963
_aCruz, Albert M.
245 _a Crime scene intelligence : an experiment in forensic entomology
260 _bTne national defence intelligence college press,
_c2006.
300 _a73 pages
942 _2ddc
_cBK
_h614.17
_iCRU/C
_k614.17
_mCRU/C